A first course in probability

Tallennettuna:
Bibliografiset tiedot
Päätekijä: Ross, Sheldon M (Tekijä)
Aineistotyyppi: Kirja
Kieli:englanti
Julkaistu: Upper Saddle River Pearson Prentice Hall 2006
Painos:7a. ed
Aiheet:
Tagit: Lisää tagi
Ei tageja, Lisää ensimmäinen tagi!

MARC

LEADER 00000cam a2200000 a 4500
001 UCD3196
003 CL-VaPUC
008 160526e20060000us |||||||||||||||||eng|d
020 |a 0131856626 
082 0 4 |a 519.2  |b ROS  |2 21 
100 0 |a Ross, Sheldon M  |e author  |9 586553 
245 1 2 |a A first course in probability 
250 |a 7a. ed 
300 |a 565 p 
942 |c BK 
945 |d 20160526 21:26:00  |a arojas 
260 |a Upper Saddle River  |b Pearson Prentice Hall  |c 2006 
650 0 |a Teoría de probabilidades   |9 336944 
650 0 |a Modelos probabilísticos   |9 466111 
650 0 |a Estimación estadística  |9 560346 
650 0 |a Variables aleatorias   |9 270745 
583 |a last modification  |c 20160526 21:26:00  |k Rodrigo Vera 
999 |c 364233  |d 364231 
952 |0 0  |1 0  |3 erd  |4 0  |6 519_200000000000000_ROS_2006  |7 0  |8 A  |9 477212  |a BIBMAT  |b BIBMAT  |i 5288142  |l 13  |o 519.2 ROS 2006  |p 5288142  |r 2025-03-31  |s 2025-03-17  |w 2019-11-24  |y BK  |z Catalogado en:20160526  |k MAT